Countries Where the Islamic State Is Still Active - Statistics

General Stats
  • This quiz has been taken 42 times
  • The average score is 20 of 27
Answer Stats
Answer % Correct
Iraq
100%
Syria
100%
Afghanistan
97%
Iran
97%
Pakistan
92%
Egypt
87%
Niger
87%
Somalia
87%
Yemen
87%
Libya
84%
Turkey
84%
Chad
82%
Mali
82%
Nigeria
79%
India
76%
Democratic Republic of the Congo
74%
Russia
74%
Burkina Faso
68%
Azerbaijan
63%
Tajikistan
63%
Bangladesh
61%
Mozambique
58%
Cameroon
55%
Uzbekistan
55%
Georgia
53%
Uganda
53%
Philippines
45%
No matching quizzes found
Score Distribution
Percent of People with Each Score
Percentile by Number Answered
Your Score History
You have not taken this quiz